000 00515nam a2200169Ia 4500
999 _c8781
_d8781
003 OSt
005 20201008103730.0
008 190216s9999||||xx |||||||||||||| ||und||
020 _a812650014X
040 _coclc
082 _a005.369
_bWIL/M
100 _aWillett, Edward
_95438
245 0 _aMicrosoft Office 2000 Bible /
_cEdward Willett ; David Crowder ; Rhonda Crowder
260 _bIDG Books,
_c2002.
_aNew Delhi:
300 _a1245p
942 _cBK
_2ddc
_h005.369
_iWIL/M
_k005.369
_mWIL/M